Crisis del estado-nación europeo y principio de subsidiariedad / Ana-Mar Fernández Pasarin
ISBN:
84-699-6857-2
Descripción Física:
71 p. ; 21 cm
MARC
| LEADER | 00000nam a2200000Ia 4500 | ||
|---|---|---|---|
| 001 | 22382 | ||
| 008 | 160829s2001 xx 000 0 cat d | ||
| 020 | |a 84-699-6857-2 | ||
| 080 | |a M-6-319 | ||
| 100 | |a Fernández Pasarin, Ana-Mar |9 42243 | ||
| 245 | |a Crisis del estado-nación europeo y principio de subsidiariedad / Ana-Mar Fernández Pasarin | ||
| 260 | |a Barcelona : |b Institut de Ciències Polítiques i Socials, |c 2001 | ||
| 300 | |a 71 p. ; |c 21 cm | ||
| 590 | |a Bibiografia | ||
| 650 | |a Subsidiarietat |9 42244 | ||
| 651 | 0 | |a Europa |9 51026 | |
| 710 | 2 | |a Institut de Ciències Polítiques i Socials (Barcelona, Catalunya) |9 55871 | |
| 901 | |a Arxiu | ||
| 942 | |n 1 | ||
| 952 | |0 0 |1 0 |4 0 |6 M6319 |7 1 |9 50720 |a Arxiu |b Arxiu |d 2016-12-01 |l 0 |o M-6-319 |p 22382 |r 2016-12-01 00:00:00 |w 2016-12-01 |y ARXIU | ||
| 999 | |c 54562 |d 54562 | ||